000 00958nam a2200313 a 4500
001 2583135
003 SISC
005 20160404152157.0
008 970922s1997 txua b 001 0 eng
010 _a 96083161
020 _a032428903
040 _aDLC
_cDLC
050 0 0 _aHG 4521
_b.R396 2000
082 _aHS 332.6
_bR27 2000
100 c _aReilly, Frank K.
_99767
245 1 0 _aInvestment analysis and portfolio management /
_cFrank K. Reilly, Keith C. Brown.
250 _a8th ed.
260 _aPhiladelphia :
_bThe Dyren Press,
_cc2000.
300 _a1174 p. :
_bcol. ill. ;
_c26 cm.
440 4 _aThe Dryden Press series in finance
_99768
650 0 _aInvestments.
_99769
650 0 _aInvestment analysis.
_99770
650 0 _aPortfolio management.
_99771
700 1 _aBrown, Keith C.
_99772
906 _a7
_bcbc
_corignew
_d2
_eopcn
_f19
_gy-gencatlg
942 _2lcc
_cBK
999 _c244
_d244